<?xml version="1.0" encoding="UTF-8"?>
<collection xmlns="http://www.loc.gov/MARC21/slim">
  <record>
    <leader>00000nam  2200000   4500</leader>
    <controlfield tag="001">INLIS000000000048041</controlfield>
    <controlfield tag="005">20200219104513</controlfield>
    <datafield tag="035" ind1="#" ind2="#">
      <subfield code="a">0010-041600000000022</subfield>
    </datafield>
    <controlfield tag="008">200219################g##########0#ind##</controlfield>
    <datafield tag="020" ind1="#" ind2="#">
      <subfield code="a">3-430-15502-9</subfield>
    </datafield>
    <datafield tag="082" ind1="#" ind2="#">
      <subfield code="a">025.17</subfield>
    </datafield>
    <datafield tag="090" ind1="#" ind2="#">
      <subfield code="a">025.17</subfield>
      <subfield code="b">Ser s</subfield>
    </datafield>
    <datafield tag="245" ind1="#" ind2="#">
      <subfield code="a">Seratus Johre Guido Knopp Die Bilder Des Jahrhundents /</subfield>
      <subfield code="c">Dokumentation Christne Kislen</subfield>
    </datafield>
    <datafield tag="260" ind1="#" ind2="#">
      <subfield code="a">Muchen :</subfield>
      <subfield code="b">Verlagshaus Geothestrafe,</subfield>
      <subfield code="c">1999</subfield>
    </datafield>
    <datafield tag="300" ind1="#" ind2="#">
      <subfield code="a">431 hlm . :</subfield>
      <subfield code="b">ilus . ;</subfield>
      <subfield code="c">27 cm</subfield>
    </datafield>
    <datafield tag="650" ind1="#" ind2="4">
      <subfield code="a">Dokumen Sejarah</subfield>
    </datafield>
    <datafield tag="700" ind1=" " ind2="#">
      <subfield code="a">Christime Kislen</subfield>
    </datafield>
    <datafield tag="084" ind1="#" ind2="#">
      <subfield code="a">025.17 SAT</subfield>
    </datafield>
    <datafield tag="990" ind1="#" ind2="#">
      <subfield code="a">31500783</subfield>
    </datafield>
  </record>
</collection>
